Writing a scientific paper and speaking at scientific meetings (Record no. 38027)

MARC details
000 -LEADER
fixed length control field 00299nam a2200109Ia 4500
082 ## - DEWEY DECIMAL CLASSIFICATION NUMBER
Classification number 033.378472
Item number BOO
100 ## - MAIN ENTRY--AUTHOR NAME
Personal name Booth, V
245 #0 - TITLE STATEMENT
Title Writing a scientific paper and speaking at scientific meetings
260 ## - PUBLICATION, DISTRIBUTION, ETC. (IMPRINT)
Place of publication London
Name of publisher Biochemical
942 ## - ADDED ENTRY ELEMENTS (KOHA)
Koha item type Books
Holdings
Withdrawn status Lost status Damaged status Not for loan Home library Current library Date acquired Full call number Accession Number Koha item type
        RRII Library RRII Library 16/12/2021 033.378472 BOO 18395 Books